1205 1147 1746 1515 1145 1906 1006 1923 1006 1668 1525 1561 1254 1043 1215 1985 1078 1132 1424 1548 1461 1299 1782 1722 1526 1257 1375 1383 1520 1929 1427 1156 1044 1330 1937 1038 1332 1866 1558 1902 1977 1134 1977 1981 1944 1232 1823 1877 1678 1336 1085 1012 1711 1532 1465 1353 1592 1793 1004 1065 1683 1319 1686 1371 1403 1979 1081 1907 1870 1062 1871 1777 1903 1031 1343 1856 1394 1531 1370 1444 1610 1262 1414 1484 1606 1620 1962 1941 1967 1772 1068 1336 1802 1542 1769 1946 1409 1069 1375 BCNSPRNW ULIB Ver.6.0+V

เปลี่ยนเป็นภาษาไทย

Change to English
 แสดงรายละเอียดบรรณานุกรม
  กลับหน้าหลัก

Brief Record : Get Marc (ISO 2709) : E-mail record : QR code < ปิดหน้าต่าง
LEADER : 00000nam 2200000uu 4500
001    13399121217
003     ULIB
008    121109s2546||||th 000 0 tha d
020    ^a9749007336
041 1  ^atha^heng
050 04 ^aPE1130^bK111ว 2546
100 0  ^aเคลลี, เจอรัลด์
245 10 ^aวิธีสอนการออกเสียง = How to teach pronunciation /^cGerald Kelly, เขียน ; Jeremy Harmer, บรรณาธิการชุดภาษาอังกฤษ ;รัชนีโรจน์ กุลธำรง, แปลและเรียบเรียง ; พงษ์ศรี เลขะวัฒนะ, บรรณาธิการชุดภาษาไทย
250    ^aพิมพ์ครั้งที่ 1
260    ^aกรุงเทพฯ :^bบริษัท เพียร์สัน เอ็ดดูเคชั่น อินโดไชน่า,^c2546
300    ^aviii, 191 หน้า :^bภาพประกอบ ;^c25 ซม. +^eซีดี-รอม 1 แผ่น (4 3/4 นิ้ว)
650  7 ^aภาษาอังกฤษ^xการออกเสียง^xการศึกษาและการสอน
650  7 ^aภาษาอังกฤษ^xสัทศาสตร์
700 0  ^aรัชนีโรจน์ กุลธำรง
700 12 ^aKelly, Gerald.^tHow to teach pronunciation
945    ^p392^l0^i14389
995    ^aกัณชพร
999 ^a กัณชพร
รายการนี้ยังไม่มีแท็ก
คุณยังไม่ได้ล็อกอิน คุณสามารถมีกิจกรรมร่วมกับเว็บไซต์ได้ แต่ต้องล็อกอินก่อน ::
  ล็อกอิน

รายการสื่อสารสนเทศ

ลำดับที่ ประเภท เลขเรียก/บาร์โค้ด สถานที่ สถานะ
1. วิทยาศาสตร์การแพทย์ และสุขภาพ
วิทยาศาสตร์การแพทย์ และสุขภาพ
PE1130 K111ว 2546  
  Barcode: 14389
ห้องสมุดวิทยาเขตสวรรค์ประชารักษ์
►หนังสือทั่วไป
บนชั้น

รายการใกล้เคียง
    ผู้แต่ง [เคลลี, เจอรัลด์]

BibComment


ยังไม่เคยถูกคอมเมนท์

คอมเมนท์ทรัพยากรรายการนี้
  คอมเมนท์: วิธีสอนการออกเสี..


 Copyright 2026. Bcnsprnw @Library